|
|
|
|
| LEADER |
00000nab a2200000 a 4500 |
| 001 |
vtls000385184 |
| 003 |
SK-MaSNL |
| 005 |
20260302222824.0 |
| 008 |
111202c1988 xo 0 slo |
| 015 |
|
|
|a SNBRA19rr/mm-uuuuu
|
| 035 |
|
|
|a CL0385306
|
| 040 |
|
|
|a SNKBUCL
|b slo
|c SNKBUCL
|e AACR2
|
| 041 |
0 |
|
|a slo
|
| 044 |
|
|
|a xo
|c SK
|
| 080 |
|
|
|a 621.923.6:681.3
|2 1981
|
| 080 |
|
|
|a 681.3
|2 1981
|
| 080 |
|
|
|a 621.9.029
|2 1981
|
| 100 |
1 |
|
|a Šafránek, Štefan
|4 aut
|9 292524
|
| 245 |
1 |
0 |
|a Perspektiívy ostrenia niektorých novovyvíjaných nástrojov na ostričkách riadených jednočípovým mikroprocesorom
|c Štefan Šafránek
|
| 300 |
|
|
|b Lit. 3 zázn. v slov., češ.
|
| 650 |
0 |
7 |
|a ostrenie nástrojov
|2 snkbucl
|9 678378
|
| 655 |
|
7 |
|a články zo zborníkov
|2 snkbucl
|9 166140
|
| 773 |
0 |
|
|t Hospodárenie s náradím 4
|d Banská Bystrica : Dom techniky ČSVTS, 1988
|g S. 25-33
|
| 850 |
|
|
|a Slovenská národná knižnica v Martine
|a MTA001
|
| 852 |
|
|
|a SNK
|b KIS3GCP
|
| 958 |
|
|
|a RK
|
| 992 |
|
|
|a RZB
|
| 999 |
|
|
|c 1518213
|d 1520143
|